| 000 | 00521nam a22001817a 4500 | ||
|---|---|---|---|
| 003 | OSt | ||
| 005 | 20140310181753.0 | ||
| 008 | 130219t xxu||||| |||| 00| 0 eng d | ||
| 020 | _a9715504167 | ||
| 050 |
_aPL 5539 _b.V712 2002 |
||
| 082 |
_aFIL 899.21 _bV71 2002 |
||
| 245 |
_aThe Critical Villa : _bessays in literary criticism / _cJose Garcia Villa. |
||
| 260 |
_aQuezon City : _bAteneo de Manila University Press, _c2002. |
||
| 300 |
_axii, 349 p. : _c23 cm. |
||
| 650 | _aEssays | ||
| 942 |
_2lcc _cBK |
||
| 999 |
_c3323 _d3323 |
||